banner-ar

فلسطين ارض الرسالات الالهية / (Record no. 66061)

MARC details
000 -الفاتح
حقل البيانات ثابتة الطول 00683nam a2200217Ia 4500
005 - وقت وتاريخ اخر تعامل مع التسجيلة
رقم الضبط 20240530110857.0
008 - عناصر البيانات ثابتة الطول - معلومات عامة
حقل البيانات ثابتة الطول 140319s9999 xx 000 0 ara d
040 ## - مصدر الفهرسة
وكالة الفهرسة الأصلية GCL /
وكالة النسخ GCL
082 04 - رقم تصنيف ديوى العشرى
رقم التصنيف 956.9
رقم المادة ج ف
100 1# - المدخل الرئيسى - إسم شخصى
الإسم الشخصى جارودى ، رجاء
245 10 - بيان العنوان
العنوان فلسطين ارض الرسالات الالهية /
بيان المسئوليه,etc رجاء جارودى
300 ## - الوصف المادى
التعداد 546 ص
490 ## - بيان السلسلة
عنوان السلسلة الهيئة العامة للاستعلامات
رقم المجلد/ التعيين التسلسلي 0
650 04 - المدخل الاضافى بالموضوع-مصطلح موضوعى
مصطلح موضوعي تاريخ
650 04 - المدخل الاضافى بالموضوع-مصطلح موضوعى
مصطلح موضوعي فلسطين
650 04 - المدخل الاضافى بالموضوع-مصطلح موضوعى
مصطلح موضوعي فلسطين - تاريخ
700 1# - المدخل الاضافى - اسم شخصى
الإسم الشخصى عبدالصبور شاهين
الدور مترجم ومعلق
942 ## - عناصر المدخل الإضافي( كوها)
مصدر التصنيف او مخطط الترفيف Dewey Decimal Classification
Koha [default] item type كتاب
260 ## - PUBLICATION, DISTRIBUTION, ETC. (IMPRINT)
-- القاهرة :
-- نهضة مصر ،
Holdings
حالة التراجع حالة الفقد مصدر التصنيف او خطة الترفيف حالة تلف ليس للاعارة المكان المؤقت الموقع الحالى موقع الترفيف تاريخ الاكتساب اجمالي اﻻعارات رقم الطلب الباركود تاريخ اخر مشاهدة تاريخ تفعيل السعر نوع وعاء كوها
    ddc     مكتبة القاهرة الكبرى مكتبة القاهرة الكبرى القاعة الرئيسية 12/21/2021   956.9 \ج ف 167219 12/21/2021 12/21/2021 كتاب

Powered By

EGPV